[Event "Cappelle Online Blitz op"]
[Site "Europe Echecs INT"]
[Date "2022.01.09"]
[Round "8"]
[White "Kosciusko Morizet, Antoine"]
[Black "Amro Awes, Ahmed"]
[Result "0-1"]
[WhiteElo "1293"]
[BlackElo "1318"]
[PlyCount "48"]
[EventDate "2022.01.09"]
[EventType "swiss (blitz)"]
[EventRounds "11"]
[EventCountry "FRA"]
[SourceTitle "EXT 2023"]
[Source "ChessBase"]
[SourceDate "2022.10.05"]
[SourceVersion "1"]
[SourceVersionDate "2022.10.05"]
[SourceQuality "1"]

1. e4 e5 2. Nf3 Nc6 3. Bb5 d6 4. d4 exd4 5. Nxd4 Bd7 6. 0-0 Nf6 7. Nc3 Be7 8. Re1 0-0 9. Nxc6 bxc6 10. Bd3 Bg4 11. f3 Be6 12. Bg5 h6 13. Bh4 Nh7 14. Bxe7 Qxe7 15. Qe2 Nf6 16. a3 Rfe8 17. Rab1 Nh5 18. Bc4 Nf4 19. Qe3 Nxg2 20. Kxg2 Bxc4 21. Kf2 Qh4+ 22. Kg1 Re6 23. Qf2 Rg6+ 24. Kh1 Qxf2 0-1

[Event "Cappelle Online Blitz op"]
[Site "Europe Echecs INT"]
[Date "2022.01.09"]
[Round "10"]
[White "Kosciusko Morizet, Antoine"]
[Black "Morata, Jules"]
[Result "0-1"]
[WhiteElo "1293"]
[BlackElo "1600"]
[PlyCount "58"]
[EventDate "2022.01.09"]
[EventType "swiss (blitz)"]
[EventRounds "11"]
[EventCountry "FRA"]
[SourceTitle "EXT 2023"]
[Source "ChessBase"]
[SourceDate "2022.10.05"]
[SourceVersion "1"]
[SourceVersionDate "2022.10.05"]
[SourceQuality "1"]

1. e4 d5 2. exd5 Qxd5 3. Nc3 Qa5 4. d4 Nf6 5. Nf3 Bf5 6. Bd3 Bg6 7. 0-0 e6 8. Bd2 c6 9. Ne5 Qc7 10. Nxg6 hxg6 11. h3 Bd6 12. Qf3 Nbd7 13. Ne4 Nxe4 14. Bxe4 Nf6 15. Rfe1 0-0-0 16. Bd3 Bh2+ 17. Kh1 Rxd4 18. g3 Rxh3 19. Bf4 Bxg3+ 20. Kg2 Rxf4 21. Qxg3 Rxg3+ 22. fxg3 Rg4 23. Re3 Nh5 24. Rg1 Rxg3+ 25. Kf2 Rxe3 26. Kxe3 Qf4+ 27. Ke2 Ng3+ 28. Ke1 Qe3+ 29. Kd1 Qxg1+ 0-1

[Event "Europe Echecs Blitz Sept op"]
[Site "Europe Echecs INT"]
[Date "2021.09.19"]
[Round "4"]
[White "Kosciusko Morizet, Antoine"]
[Black "Ben Mohamed, Kader"]
[Result "0-1"]
[WhiteElo "1293"]
[BlackElo "1591"]
[PlyCount "46"]
[EventDate "2021.09.19"]
[EventType "swiss (blitz)"]
[EventRounds "11"]
[EventCountry "FRA"]
[SourceTitle "CBM 204 Extra"]
[Source "ChessBase"]
[SourceDate "2021.11.30"]
[SourceVersion "1"]
[SourceVersionDate "2021.11.30"]
[SourceQuality "1"]

1. e4 d5 2. exd5 Nf6 3. d4 Bg4 4. Be2 Bxe2 5. Nxe2 Qxd5 6. 0-0 Nc6 7. c3 0-0-0 8. Bf4 e5 9. Bg5 Be7 10. Na3 exd4 11. Bxf6 Bxf6 12. cxd4 Nxd4 13. Nc3 Qg5 14. Nab5 Nxb5 15. Qa4 Bxc3 16. bxc3 Nxc3 17. Qxa7 Ne2+ 18. Kh1 Rhe8 19. Qa8+ Kd7 20. Rad1+ Ke7 21. Rxd8 Rxd8 22. Re1 Rxa8 23. Rxe2+ Kf8 0-1

[Event "Europe Echecs Blitz Sept op"]
[Site "Europe Echecs INT"]
[Date "2021.09.19"]
[Round "1"]
[White "Kosciusko Morizet, Antoine"]
[Black "Blachon, Pascal"]
[Result "0-1"]
[WhiteElo "1293"]
[BlackElo "1969"]
[PlyCount "66"]
[EventDate "2021.09.19"]
[EventType "swiss (blitz)"]
[EventRounds "11"]
[EventCountry "FRA"]
[SourceTitle "CBM 204 Extra"]
[Source "ChessBase"]
[SourceDate "2021.11.30"]
[SourceVersion "1"]
[SourceVersionDate "2021.11.30"]
[SourceQuality "1"]

1. e4 d5 2. exd5 c6 3. Nf3 cxd5 4. d4 Nc6 5. Bb5 Nf6 6. 0-0 Bg4 7. c3 e6 8. h3 Bh5 9. Nbd2 Bd6 10. Re1 0-0 11. Bxc6 bxc6 12. Ne5 Bxd1 13. Nxc6 Qc7 14. Nb4 Bh5 15. Nb3 a5 16. Nd3 a4 17. Nbc5 Bg6 18. Bg5 Bxd3 19. Nxd3 Ne4 20. Be3 a3 21. b3 Qxc3 22. Nf4 Bxf4 23. Bxf4 Qxd4 24. Be3 Qf6 25. f3 Nd6 26. Bc5 Rfd8 27. Rac1 Nf5 28. Bb4 Nh4 29. Rc7 Qg5 30. Re2 Nxf3+ 31. Kf1 Nd4 32. Rd2 Qf4+ 33. Kg1 Qxc7 0-1

[Event "Europe Echecs Blitz Sept op"]
[Site "Europe Echecs INT"]
[Date "2021.09.19"]
[Round "5"]
[White "Valdazo, Raphael"]
[Black "Kosciusko Morizet, Antoine"]
[Result "1-0"]
[WhiteElo "1713"]
[BlackElo "1293"]
[PlyCount "51"]
[EventDate "2021.09.19"]
[EventType "swiss (blitz)"]
[EventRounds "11"]
[EventCountry "FRA"]
[SourceTitle "CBM 204 Extra"]
[Source "ChessBase"]
[SourceDate "2021.11.30"]
[SourceVersion "1"]
[SourceVersionDate "2021.11.30"]
[SourceQuality "1"]

1. Nf3 d5 2. c4 Nf6 3. cxd5 Nxd5 4. e4 Nf6 5. Nc3 Bg4 6. Be2 e6 7. d4 a6 8. Bg5 Be7 9. 0-0 0-0 10. Rc1 c5 11. Bh4 Nbd7 12. d5 exd5 13. exd5 Nb6 14. Bxf6 Bxf6 15. Ne4 Bxb2 16. Rxc5 Ba3 17. Rc3 Bd6 18. h3 Bxf3 19. Bxf3 Re8 20. Ng3 g6 21. Qb1 Bxg3 22. fxg3 Qf6 23. Rc7 Rab8 24. Bg4 Re5 25. Rxf6 Rxd5 26. Rxb6 1-0

[Event "FRA-ch Blitz Online Qual"]
[Site "Europe Echecs INT"]
[Date "2020.05.16"]
[Round "9"]
[White "Kosciusko Morizet, Antoine"]
[Black "Dincov, Matei"]
[Result "1-0"]
[WhiteElo "1293"]
[BlackElo "1714"]
[PlyCount "37"]
[EventDate "2020.05.16"]
[EventType "swiss (blitz)"]
[EventRounds "15"]
[EventCountry "FRA"]
[SourceTitle "CBM 196 Extra"]
[Source "ChessBase"]
[SourceDate "2020.07.31"]
[SourceVersion "1"]
[SourceVersionDate "2020.07.31"]
[SourceQuality "1"]

1. e4 e5 2. Nf3 Nc6 3. Bb5 a6 4. Ba4 Nf6 5. 0-0 Be7 6. Re1 b5 7. Bb3 0-0 8. c3 d5 9. exd5 Nxd5 10. Nxe5 Nxe5 11. Rxe5 c6 12. d4 Bd6 13. Rh5 Nf6 14. Rh4 Nd5 15. Qh5 h6 16. Bxh6 Qf6 17. Bxd5 cxd5 18. Bg5 Qf5 19. Qh8# 1-0

[Event "FRA-ch Blitz Online Qual"]
[Site "Europe Echecs INT"]
[Date "2020.05.16"]
[Round "15"]
[White "Kosciusko Morizet, Antoine"]
[Black "Hsu, Victor"]
[Result "1-0"]
[WhiteElo "1293"]
[BlackElo "1476"]
[PlyCount "33"]
[EventDate "2020.05.16"]
[EventType "swiss (blitz)"]
[EventRounds "15"]
[EventCountry "FRA"]
[SourceTitle "CBM 196 Extra"]
[Source "ChessBase"]
[SourceDate "2020.07.31"]
[SourceVersion "1"]
[SourceVersionDate "2020.07.31"]
[SourceQuality "1"]

1. e4 e5 2. Nf3 Nc6 3. Bb5 Nd4 4. Bc4 Nxf3+ 5. Qxf3 Nf6 6. 0-0 Bc5 7. c3 d6 8. h3 0-0 9. d3 Be6 10. Bb3 Bxb3 11. axb3 Re8 12. Be3 Bxe3 13. fxe3 c5 14. Nd2 Qb6 15. Kh1 Nd7 16. Qxf7+ Kh8 17. Qxd7 1-0

[Event "FRA-ch Blitz Online Qual"]
[Site "Europe Echecs INT"]
[Date "2020.05.16"]
[Round "1"]
[White "Kosciusko Morizet, Antoine"]
[Black "Zienkiewicz, Jan"]
[Result "1/2-1/2"]
[WhiteElo "1293"]
[BlackElo "1914"]
[PlyCount "274"]
[EventDate "2020.05.16"]
[EventType "swiss (blitz)"]
[EventRounds "15"]
[EventCountry "FRA"]
[SourceTitle "CBM 196 Extra"]
[Source "ChessBase"]
[SourceDate "2020.07.31"]
[SourceVersion "1"]
[SourceVersionDate "2020.07.31"]
[SourceQuality "1"]

1. e4 c5 2. Nc3 Nc6 3. Bb5 Nd4 4. f4 Nxb5 5. Nxb5 g6 6. Nf3 Bg7 7. d3 d6 8. Nc3 Nf6 9. 0-0 0-0 10. Qe1 Rb8 11. h3 b5 12. a3 a5 13. Bd2 b4 14. axb4 axb4 15. Na4 Bd7 16. e5 dxe5 17. fxe5 Nd5 18. Nxc5 Qc7 19. Na6 Qb6+ 20. Kh1 Bc8 21. Nxb8 Qxb8 22. Ra4 Bd7 23. Ra1 Qc8 24. c3 bxc3 25. Bxc3 Nf4 26. Qe3 Nh5 27. Kh2 Bh8 28. Ng5 Ng7 29. e6 Bxe6 30. Bxg7 Bxg7 31. Nxe6 fxe6 32. Rxf8+ Bxf8 33. Re1 Qc7+ 34. Kh1 Kf7 35. Qxe6+ Kg7 36. Qe5+ Qxe5 37. Rxe5 Kf6 38. Ra5 Bh6 39. b4 Bd2 40. Ra4 Ke5 41. b5 Kd5 42. Ra1 e5 43. Rb1 e4 44. dxe4+ Kxe4 45. b6 Bf4 46. b7 Bb8 47. Kg1 Kd5 48. Kf2 Kd6 49. Kf3 Kd7 50. Ke4 h6 51. g4 h5 52. gxh5 gxh5 53. Rb5 Kc6 54. Rxh5 Kxb7 55. Rh7+ Kc6 56. h4 Kd6 57. Rh6+ Ke7 58. Rh7+ Kf6 59. Rh6+ Kg7 60. Rb6 Bg3 61. h5 Bf2 62. Rg6+ Kh7 63. Re6 Be1 64. Kf5 Bd2 65. Re7+ Kh6 66. Kg4 Bc1 67. Re6+ Kh7 68. Kf5 Bd2 69. Kg4 Bc1 70. Re7+ Kh6 71. Re1 Bd2 72. Rd1 Be3 73. Rd3 Bc1 74. Rd6+ Kh7 75. Kf5 Be3 76. Re6 Bc1 77. Rg6 Bb2 78. Ke6 Bc1 79. Kf7 Bd2 80. Rg7+ Kh6 81. Rg2 Bf4 82. Rf2 Bg3 83. Rg2 Be5 84. Re2 Bc7 85. Rc2 Bf4 86. Rc5 Bg5 87. Rc2 Kxh5 88. Rh2+ Kg4 89. Rg2+ Kh4 90. Kg6 Be3 91. Rh2+ Kg3 92. Re2 Bf2 93. Re5 Kg2 94. Rg5+ Kh1 95. Kf5 Bg1 96. Rh5+ Bh2 97. Kg4 Kg1 98. Kf3 Kh1 99. Rg5 Bb8 100. Kf2 Bh2 101. Kf1 Bb8 102. Rg1+ Kh2 103. Rg2+ Kh1 104. Rg8 Bh2 105. Kf2 Bc7 106. Rg7 Bh2 107. Rg2 Bc7 108. Kf1 Bh2 109. Rg7 Bb8 110. Kf2 Bh2 111. Kf3 Bb8 112. Rh7+ Bh2 113. Kg4 Kg2 114. Rb7 Kh1 115. Rb1+ Bg1 116. Rb3 Kg2 117. Rg3+ Kh1 118. Rh3+ Kg2 119. Rg3+ Kh1 120. Rc3 Kg2 121. Rc2+ Kh1 122. Kh3 Ba7 123. Rc1+ Bg1 124. Rc7 Bb6 125. Rc6 Bg1 126. Kg3 Ba7 127. Rh6+ Kg1 128. Ra6 Bf2+ 129. Kh3 Kh1 130. Ra1+ Bg1 131. Ra3 Bc5 132. Rc3 Bg1 133. Kg3 Bd4 134. Rd3 Bg1 135. Kf4 Kg2 136. Rg3+ Kh1 137. Rh3+ Kg2 1/2-1/2

[Event "FRA-ch Blitz Online Qual"]
[Site "Europe Echecs INT"]
[Date "2020.05.16"]
[Round "7"]
[White "Vanlerberghe, Luc"]
[Black "Kosciusko Morizet, Antoine"]
[Result "1-0"]
[WhiteElo "1727"]
[BlackElo "1293"]
[PlyCount "69"]
[EventDate "2020.05.16"]
[EventType "swiss (blitz)"]
[EventRounds "15"]
[EventCountry "FRA"]
[SourceTitle "CBM 196 Extra"]
[Source "ChessBase"]
[SourceDate "2020.07.31"]
[SourceVersion "1"]
[SourceVersionDate "2020.07.31"]
[SourceQuality "1"]

1. e4 e5 2. Nf3 Nc6 3. Nc3 Nf6 4. Bb5 d6 5. d4 exd4 6. Nxd4 Bd7 7. Bxc6 Bxc6 8. Nxc6 bxc6 9. Qf3 Be7 10. b3 0-0 11. Bb2 Re8 12. 0-0-0 Qb8 13. Ne2 Qb7 14. g4 a5 15. g5 Nd7 16. h4 a4 17. Qc3 f6 18. Nd4 c5 19. Nf5 Bd8 20. Qc4+ Kh8 21. Qf7 Rg8 22. Qxd7 axb3 23. axb3 Qxe4 24. Rhe1 Qf4+ 25. Kb1 Qf3 26. gxf6 Bxf6 27. Bxf6 gxf6 28. Rd3 Qxf2 29. Rde3 h5 30. Re7 Rg7 31. Nxg7 Kg8 32. Re8+ Rxe8 33. Rxe8+ Kh7 34. Nf5+ Kg6 35. Rg8# 1-0